| 000 | 00594naa a2200193 a 4500 | ||
|---|---|---|---|
| 001 | 80121 | ||
| 003 | BD-RjUL | ||
| 005 | 20220726105059.0 | ||
| 008 | 220726s1946 pk ||||| |||| 00| j urd d | ||
| 035 | _a(BD-RjUL)80121 | ||
| 040 |
_aBD-RjUL _beng _cBD-RjUL |
||
| 041 | _aurd | ||
| 082 | _223 | ||
| 245 | 1 | 0 |
_a اقبال اس کی شاعری اور پیغام / [Iqbal SK Sha'ari Ur Pygham ] / _bشیخ اکبر علی [shikh Akbar Ali] |
| 260 |
_aLahore : _bكمال پبلیشرز ,[Kamal Publishers] , _c1946 |
||
| 300 |
_a424 p. ; _c18 cm |
||
| 650 | _aUrdu Literature | ||
| 942 |
_2ddc _cBK |
||
| 999 |
_c80121 _d80121 |
||